Nueva especie de Gastrotheca (<Amphibia: Anura: Hylidae>) de la Cordillera Occidental de Colombia (Registro nro. 14294)
[ vista simple ]
| 000 -CABECERA | |
|---|---|
| Campo de control | 005520000a22001450004500 |
| 090 ## - CLASIFICACIÓN LOCAL | |
| Colección | AS |
| Consecutivo | Seriadas |
| 041 0# - IDIOMA | |
| Código de idioma para texto/pista de sonido o título separado | |
| 100 1# - ASIENTO PRINCIPAL--NOMBRE PERSONAL | |
| Nombre personal | Ruiz Carranza, Pedro M. |
| 245 10 - MENCION DE TITULO | |
| Título | Nueva especie de Gastrotheca (<Amphibia: Anura: Hylidae>) de la Cordillera Occidental de Colombia |
| 700 1# - ASIENTO SECUNDARIO - NOMBRE PERSONAL | |
| Nombre personal | Ardila Robayo, María Cristina |
| 700 1# - ASIENTO SECUNDARIO - NOMBRE PERSONAL | |
| Nombre personal | Lynch, John D. |
| 700 1# - ASIENTO SECUNDARIO - NOMBRE PERSONAL | |
| Nombre personal | Restrepo, Jorge Humberto |
| 773 1# - Item fuente: | |
| Título | Revista de la Academia Colombiana de Ciencias Exactas, Fisicas y Naturales |
| Especificación de materiales | 32 |
| Descripción física | 80 |
| Paginas del Articulo | 373-378 |
| Lugar, editorial y fecha de publicación | 1997 |
| Información sobre la relación | 21 |
| 942 ## - ELEMENTOS ADICIONALES (KOHA) | |
| Tipo de ítem | Artículo |
No hay ítems disponibles.